[Event "DEM U12w 2025"]
[Site "Willingen GER"]
[Date "2025.06.12"]
[Round "7"]
[White "Heidtkamp, Anna"]
[Black "Naz Öksüz, Meryem"]
[Result "1-0"]
[Termination "normal"]
[Board "8"]
[WhiteElo "1555"]
[BlackElo "1393"]
[WhiteClock "00:08:36"]
[BlackClock "01:07:26"]
[PlyCount "137"]
[WhiteFideId "16269012"]
[BlackFideId "533025860"]
[EventCountry "GER"]
[EventRounds "9"]
[EventType "swiss"]
[EventDate "2025.06.07"]

1. e4 {[%clk 01:30:59]} {[%emt 00:00:01]} e6 {[%clk 01:30:53]} {[%emt
00:00:08]} 2. d3 {[%clk 01:31:23]} {[%emt 00:00:06]} d5 {[%clk 01:31:16]}
{[%emt 00:00:06]} 3. Nd2 {[%clk 01:31:49]} {[%emt 00:00:04]} Nf6 {[%clk
01:31:29]} {[%emt 00:00:16]} 4. Ngf3 {[%clk 01:32:10]} {[%emt 00:00:10]} b6
{[%clk 01:31:39]} {[%emt 00:00:20]} 5. c3 {[%clk 01:29:44]} {[%emt 00:02:55]}
c5 {[%clk 01:31:29]} {[%emt 00:00:40]} 6. e5 {[%clk 01:18:17]} {[%emt
00:11:59]} Nfd7 {[%clk 01:29:48]} {[%emt 00:02:10]} 7. d4 {[%clk 01:17:12]}
{[%emt 00:01:34]} Bb7 {[%clk 01:27:59]} {[%emt 00:02:18]} 8. Bb5 {[%clk
01:11:44]} {[%emt 00:06:00]} c4 {[%clk 01:27:04]} {[%emt 00:01:24]} 9. O-O
{[%clk 01:11:34]} {[%emt 00:00:41]} a6 {[%clk 01:27:11]} {[%emt 00:00:24]} 10.
Ba4 {[%clk 01:11:15]} {[%emt 00:00:48]} g6 {[%clk 01:25:43]} {[%emt 00:01:57]}
11. a3 {[%clk 01:09:44]} {[%emt 00:02:02]} b5 {[%clk 01:24:42]} {[%emt
00:01:31]} 12. Bc2 {[%clk 01:10:03]} {[%emt 00:00:11]} Bg7 {[%clk 01:24:38]}
{[%emt 00:00:33]} 13. Re1 {[%clk 01:10:12]} {[%emt 00:00:21]} O-O {[%clk
01:24:33]} {[%emt 00:00:36]} 14. Nf1 {[%clk 01:10:30]} {[%emt 00:00:11]} Re8
{[%clk 01:24:27]} {[%emt 00:00:36]} 15. Bg5 {[%clk 01:09:23]} {[%emt 00:01:37]}
f6 {[%clk 01:24:43]} {[%emt 00:00:14]} 16. exf6 {[%clk 01:08:06]} {[%emt
00:01:47]} Bxf6 {[%clk 01:24:56]} {[%emt 00:00:17]} 17. Bxf6 {[%clk 00:55:20]}
{[%emt 00:13:16]} Qxf6 {[%clk 01:24:59]} {[%emt 00:00:26]} 18. a4 {[%clk
00:51:47]} {[%emt 00:04:05]} Nc6 {[%clk 01:23:57]} {[%emt 00:01:31]} 19. b3
{[%clk 00:39:09]} {[%emt 00:13:09]} Rab8 {[%clk 01:22:22]} {[%emt 00:02:04]}
20. Ne3 {[%clk 00:34:53]} {[%emt 00:04:47]} Qg7 {[%clk 01:20:23]} {[%emt
00:02:15]} 21. b4 {[%clk 00:32:37]} {[%emt 00:03:00]} Nf6 {[%clk 01:18:53]}
{[%emt 00:01:59]} 22. h3 {[%clk 00:27:05]} {[%emt 00:06:02]} e5 {[%clk
01:18:02]} {[%emt 00:01:21]} 23. dxe5 {[%clk 00:26:47]} {[%emt 00:00:49]} Nxe5
{[%clk 01:18:17]} {[%emt 00:00:14]} 24. axb5 {[%clk 00:25:53]} {[%emt
00:01:24]} Nxf3+ {[%clk 01:18:22]} {[%emt 00:00:25]} 25. gxf3 {[%clk 00:24:34]}
{[%emt 00:01:48]} axb5 {[%clk 01:18:36]} {[%emt 00:00:18]} 26. Qd4 {[%clk
00:20:01]} {[%emt 00:05:03]} Nh5 {[%clk 01:16:32]} {[%emt 00:02:33]} 27. Qxg7+
{[%clk 00:18:28]} {[%emt 00:02:04]} Kxg7 {[%clk 01:16:11]} {[%emt 00:00:50]}
28. Ra7 {[%clk 00:17:23]} {[%emt 00:01:35]} Kg8 {[%clk 01:15:23]} {[%emt
00:01:14]} 29. Kg2 {[%clk 00:13:09]} {[%emt 00:04:49]} Re7 {[%clk 01:12:37]}
{[%emt 00:03:13]} 30. Rea1 {[%clk 00:11:21]} {[%emt 00:02:21]} Rf7 {[%clk
01:11:43]} {[%emt 00:01:21]} 31. Bd1 {[%clk 00:10:29]} {[%emt 00:01:24]} Nf4+
{[%clk 01:11:06]} {[%emt 00:01:07]} 32. Kg3 {[%clk 00:09:51]} {[%emt 00:01:09]}
Nh5+ {[%clk 01:11:13]} {[%emt 00:00:21]} 33. Kh2 {[%clk 00:09:58]} {[%emt
00:00:24]} Nf4 {[%clk 01:09:58]} {[%emt 00:01:45]} 34. R1a5 {[%clk 00:09:28]}
{[%emt 00:01:00]} Bc6 {[%clk 01:09:46]} {[%emt 00:00:40]} 35. Rxf7 {[%clk
00:09:37]} {[%emt 00:00:23]} Kxf7 {[%clk 01:10:08]} {[%emt 00:00:08]} 36. Ra6
{[%clk 00:09:27]} {[%emt 00:00:40]} Bd7 {[%clk 01:10:12]} {[%emt 00:00:23]} 37.
Rd6 {[%clk 00:09:17]} {[%emt 00:00:44]} Be6 {[%clk 01:10:08]} {[%emt 00:00:29]}
38. Ng4 {[%clk 00:05:40]} {[%emt 00:04:11]} Bxg4 {[%clk 01:09:28]} {[%emt
00:01:10]} 39. fxg4 {[%clk 00:05:52]} {[%emt 00:00:18]} Ke7 {[%clk 01:08:43]}
{[%emt 00:01:14]} 40. Ra6 {[%clk 00:06:05]} {[%emt 00:00:18]} Kf8 {[%clk
01:08:12]} {[%emt 00:01:00]} 41. Rf6+ {[%clk 00:05:40]} {[%emt 00:00:55]} Ke7
{[%clk 01:08:21]} {[%emt 00:00:22]} 42. Rxf4 {[%clk 00:06:04]} {[%emt
00:00:05]} Ke6 {[%clk 01:08:43]} {[%emt 00:00:10]} 43. Bf3 {[%clk 00:05:33]}
{[%emt 00:01:00]} Ke5 {[%clk 01:05:52]} {[%emt 00:03:20]} 44. Rf7 {[%clk
00:05:34]} {[%emt 00:00:30]} Ke6 {[%clk 01:05:56]} {[%emt 00:00:24]} 45. Rxh7
{[%clk 00:05:42]} {[%emt 00:00:23]} Rd8 {[%clk 01:06:01]} {[%emt 00:00:25]} 46.
Rg7 {[%clk 00:05:33]} {[%emt 00:00:40]} Kf6 {[%clk 01:06:13]} {[%emt 00:00:18]}
47. Rb7 {[%clk 00:05:48]} {[%emt 00:00:15]} d4 {[%clk 01:06:22]} {[%emt
00:00:21]} 48. cxd4 {[%clk 00:06:06]} {[%emt 00:00:13]} Rc8 {[%clk 01:03:32]}
{[%emt 00:03:20]} 49. Rb6+ {[%clk 00:05:25]} {[%emt 00:01:11]} Kf7 {[%clk
01:03:38]} {[%emt 00:00:21]} 50. Bd5+ {[%clk 00:03:16]} {[%emt 00:02:40]} Kg7
{[%clk 01:03:43]} {[%emt 00:00:26]} 51. Rxb5 {[%clk 00:03:18]} {[%emt
00:00:28]} c3 {[%clk 01:03:51]} {[%emt 00:00:22]} 52. Bb3 {[%clk 00:03:41]}
{[%emt 00:00:07]} c2 {[%clk 01:04:15]} {[%emt 00:00:06]} 53. Bxc2 {[%clk
00:04:08]} {[%emt 00:00:04]} Rxc2 {[%clk 01:04:39]} {[%emt 00:00:06]} 54. Kg3
{[%clk 00:04:31]} {[%emt 00:00:07]} Rc4 {[%clk 01:04:12]} {[%emt 00:00:55]} 55.
d5 {[%clk 00:04:52]} {[%emt 00:00:10]} Rc3+ {[%clk 01:04:10]} {[%emt 00:00:32]}
56. f3 {[%clk 00:05:15]} {[%emt 00:00:07]} Rd3 {[%clk 01:04:26]} {[%emt
00:00:13]} 57. Rb7+ {[%clk 00:05:08]} {[%emt 00:00:38]} Kf8 {[%clk 01:04:51]}
{[%emt 00:00:06]} 58. Rb6 {[%clk 00:05:05]} {[%emt 00:00:33]} Kg7 {[%clk
01:05:13]} {[%emt 00:00:07]} 59. d6 {[%clk 00:05:27]} {[%emt 00:00:08]} Kf8
{[%clk 01:05:28]} {[%emt 00:00:15]} 60. d7 {[%clk 00:05:35]} {[%emt 00:00:22]}
Rxd7 {[%clk 01:05:03]} {[%emt 00:00:55]} 61. Rxg6 {[%clk 00:05:58]} {[%emt
00:00:07]} Rb7 {[%clk 01:05:11]} {[%emt 00:00:22]} 62. Rf6+ {[%clk 00:06:20]}
{[%emt 00:00:08]} Kg7 {[%clk 01:05:34]} {[%emt 00:00:07]} 63. Rf4 {[%clk
00:06:46]} {[%emt 00:00:04]} Kg6 {[%clk 01:05:57]} {[%emt 00:00:07]} 64. h4
{[%clk 00:07:08]} {[%emt 00:00:07]} Kg7 {[%clk 01:06:22]} {[%emt 00:00:05]} 65.
h5 {[%clk 00:07:29]} {[%emt 00:00:09]} Kh6 {[%clk 01:06:48]} {[%emt 00:00:05]}
66. Kh4 {[%clk 00:07:53]} {[%emt 00:00:07]} Kg7 {[%clk 01:07:08]} {[%emt
00:00:09]} 67. g5 {[%clk 00:08:15]} {[%emt 00:00:09]} Kh7 {[%clk 01:07:26]}
{[%emt 00:00:11]} 68. g6+ {[%clk 00:08:36]} {[%emt 00:00:08]} Kg7 {[%emt
00:00:05]} 69. Rf7+ {[%emt 00:00:10]} 1-0

[Event "DEM U12w 2025"]
[Site "Willingen GER"]
[Date "2025.06.12"]
[Round "7"]
[White "Alnajjar, Sara"]
[Black "Tischlinger, Lara"]
[Result "0-1"]
[Termination "normal"]
[Board "9"]
[WhiteElo "1565"]
[BlackElo "1592"]
[WhiteClock "00:48:27"]
[BlackClock "00:03:08"]
[PlyCount "104"]
[WhiteFideId "34668659"]
[BlackFideId "34663401"]
[EventCountry "GER"]
[EventRounds "9"]
[EventType "swiss"]
[EventDate "2025.06.07"]

1. d4 {[%clk 01:30:52]} {[%emt 00:00:08]} d5 {[%clk 01:30:53]} {[%emt
00:00:08]} 2. c4 {[%clk 01:31:17]} {[%emt 00:00:05]} Nf6 {[%clk 01:31:13]}
{[%emt 00:00:10]} 3. Nc3 {[%clk 01:31:40]} {[%emt 00:00:06]} e6 {[%clk
01:31:37]} {[%emt 00:00:06]} 4. cxd5 {[%clk 01:32:04]} {[%emt 00:00:07]} exd5
{[%clk 01:31:56]} {[%emt 00:00:11]} 5. Bg5 {[%clk 01:32:27]} {[%emt 00:00:07]}
Be7 {[%clk 01:32:17]} {[%emt 00:00:08]} 6. e3 {[%clk 01:32:51]} {[%emt
00:00:07]} O-O {[%clk 01:32:19]} {[%emt 00:00:28]} 7. Bd3 {[%clk 01:32:47]}
{[%emt 00:00:33]} c6 {[%clk 01:32:32]} {[%emt 00:00:17]} 8. Qc2 {[%clk
01:33:05]} {[%emt 00:00:12]} h6 {[%clk 01:32:15]} {[%emt 00:00:47]} 9. Bh4
{[%clk 01:31:41]} {[%emt 00:01:55]} Re8 {[%clk 01:26:11]} {[%emt 00:06:34]} 10.
Nf3 {[%clk 01:30:17]} {[%emt 00:01:54]} Nbd7 {[%clk 01:19:25]} {[%emt
00:07:16]} 11. O-O {[%clk 01:27:56]} {[%emt 00:02:51]} Ne4 {[%clk 01:11:42]}
{[%emt 00:08:13]} 12. Bxe7 {[%clk 01:24:16]} {[%emt 00:04:10]} Qxe7 {[%clk
01:11:45]} {[%emt 00:00:26]} 13. Bxe4 {[%clk 01:24:29]} {[%emt 00:00:17]} dxe4
{[%clk 01:12:02]} {[%emt 00:00:14]} 14. Nd2 {[%clk 01:24:49]} {[%emt 00:00:10]}
Nf6 {[%clk 01:09:26]} {[%emt 00:03:06]} 15. Rfe1 {[%clk 01:22:49]} {[%emt
00:02:29]} Bg4 {[%clk 01:03:25]} {[%emt 00:06:31]} 16. Nc4 {[%clk 01:19:00]}
{[%emt 00:04:19]} Bf5 {[%clk 00:57:23]} {[%emt 00:06:32]} 17. f3 {[%clk
01:13:11]} {[%emt 00:06:18]} Qe6 {[%clk 00:45:43]} {[%emt 00:12:10]} 18. fxe4
{[%clk 01:12:05]} {[%emt 00:01:36]} Nxe4 {[%clk 00:45:39]} {[%emt 00:00:36]}
19. Nxe4 {[%clk 01:11:59]} {[%emt 00:00:35]} Bxe4 {[%clk 00:45:14]} {[%emt
00:00:55]} 20. Qe2 {[%clk 01:08:57]} {[%emt 00:03:32]} Rad8 {[%clk 00:41:15]}
{[%emt 00:04:29]} 21. Nd2 {[%clk 01:01:18]} {[%emt 00:08:08]} Bg6 {[%clk
00:37:49]} {[%emt 00:03:57]} 22. Nf3 {[%clk 01:00:20]} {[%emt 00:01:28]} Be4
{[%clk 00:31:57]} {[%emt 00:06:22]} 23. Nd2 {[%clk 00:59:59]} {[%emt 00:00:51]}
Bh7 {[%clk 00:27:38]} {[%emt 00:04:50]} 24. Nf3 {[%clk 00:59:47]} {[%emt
00:00:42]} Re7 {[%clk 00:25:50]} {[%emt 00:02:19]} 25. b3 {[%clk 00:57:54]}
{[%emt 00:02:21]} Rde8 {[%clk 00:22:35]} {[%emt 00:03:46]} 26. Kf2 {[%clk
00:57:12]} {[%emt 00:01:11]} Qe4 {[%clk 00:20:51]} {[%emt 00:02:14]} 27. Rad1
{[%clk 00:56:08]} {[%emt 00:01:33]} Kh8 {[%clk 00:17:34]} {[%emt 00:03:48]} 28.
Rd2 {[%clk 00:54:33]} {[%emt 00:02:05]} Bf5 {[%clk 00:15:53]} {[%emt 00:02:11]}
29. h3 {[%clk 00:53:39]} {[%emt 00:01:24]} Re6 {[%clk 00:13:25]} {[%emt
00:02:59]} 30. Rdd1 {[%clk 00:52:23]} {[%emt 00:01:46]} Bh7 {[%clk 00:11:59]}
{[%emt 00:01:56]} 31. Rd2 {[%clk 00:51:29]} {[%emt 00:01:24]} Qd5 {[%clk
00:09:30]} {[%emt 00:02:59]} 32. Qd1 {[%clk 00:50:24]} {[%emt 00:01:34]} Be4
{[%clk 00:07:39]} {[%emt 00:02:21]} 33. Qe2 {[%clk 00:48:26]} {[%emt 00:02:29]}
Rf6 {[%clk 00:06:42]} {[%emt 00:01:27]} 34. Kg1 {[%clk 00:46:48]} {[%emt
00:02:06]} Bxf3 {[%clk 00:06:14]} {[%emt 00:00:59]} 35. gxf3 {[%clk 00:47:10]}
{[%emt 00:00:08]} Rxf3 {[%clk 00:05:04]} {[%emt 00:01:40]} 36. e4 {[%clk
00:45:15]} {[%emt 00:02:25]} Qg5+ {[%clk 00:05:17]} {[%emt 00:00:17]} 37. Qg2
{[%clk 00:45:12]} {[%emt 00:00:34]} Rg3 {[%clk 00:05:36]} {[%emt 00:00:11]} 38.
Ree2 {[%clk 00:45:10]} {[%emt 00:00:31]} Rxg2+ {[%clk 00:05:44]} {[%emt
00:00:23]} 39. Rxg2 {[%clk 00:45:34]} {[%emt 00:00:05]} Qe3+ {[%clk 00:05:46]}
{[%emt 00:00:27]} 40. Rdf2 {[%clk 00:45:54]} {[%emt 00:00:11]} Qxd4 {[%clk
00:05:23]} {[%emt 00:00:54]} 41. Kh2 {[%clk 00:45:56]} {[%emt 00:00:27]} Rxe4
{[%clk 00:02:41]} {[%emt 00:03:12]} 42. Rxf7 {[%clk 00:45:59]} {[%emt
00:00:27]} Qe5+ {[%clk 00:02:53]} {[%emt 00:00:16]} 43. Kg1 {[%clk 00:46:18]}
{[%emt 00:00:13]} Re1+ {[%clk 00:03:11]} {[%emt 00:00:13]} 44. Rf1 {[%clk
00:46:10]} {[%emt 00:00:38]} Qe3+ {[%clk 00:03:03]} {[%emt 00:00:37]} 45. Rgf2
{[%clk 00:46:34]} {[%emt 00:00:06]} Rxf1+ {[%clk 00:03:14]} {[%emt 00:00:20]}
46. Kxf1 {[%clk 00:46:59]} {[%emt 00:00:05]} Qxh3+ {[%clk 00:03:37]} {[%emt
00:00:07]} 47. Ke2 {[%clk 00:47:24]} {[%emt 00:00:04]} Qe6+ {[%clk 00:03:34]}
{[%emt 00:00:34]} 48. Kf1 {[%clk 00:47:35]} {[%emt 00:00:18]} Kh7 {[%clk
00:03:39]} {[%emt 00:00:26]} 49. Kg1 {[%clk 00:47:35]} {[%emt 00:00:28]} h5
{[%clk 00:03:02]} {[%emt 00:01:08]} 50. Kf1 {[%clk 00:47:52]} {[%emt 00:00:13]}
h4 {[%clk 00:03:18]} {[%emt 00:00:14]} 51. Kg1 {[%clk 00:48:14]} {[%emt
00:00:07]} h3 {[%clk 00:03:08]} {[%emt 00:00:40]} 52. Rh2 {[%clk 00:48:27]}
{[%emt 00:00:17]} Qe1# {[%emt 00:00:15]} 0-1

[Event "DEM U12w 2025"]
[Site "Willingen GER"]
[Date "2025.06.12"]
[Round "7"]
[White "Ratushna, Olha"]
[Black "Bacakova, Klara"]
[Result "1-0"]
[Termination "normal"]
[Board "11"]
[WhiteElo "1734"]
[BlackElo "1571"]
[WhiteClock "00:32:11"]
[BlackClock "00:12:43"]
[PlyCount "127"]
[WhiteFideId "34172602"]
[BlackFideId "34605762"]
[EventCountry "GER"]
[EventRounds "9"]
[EventType "swiss"]
[EventDate "2025.06.07"]

1. e4 {[%clk 01:30:55]} {[%emt 00:00:04]} c5 {[%clk 01:30:54]} {[%emt
00:00:06]} 2. c3 {[%clk 01:31:19]} {[%emt 00:00:07]} d5 {[%clk 01:31:12]}
{[%emt 00:00:12]} 3. exd5 {[%clk 01:31:42]} {[%emt 00:00:08]} Qxd5 {[%clk
01:31:33]} {[%emt 00:00:08]} 4. d4 {[%clk 01:32:01]} {[%emt 00:00:11]} Nc6
{[%clk 01:31:45]} {[%emt 00:00:18]} 5. Nf3 {[%clk 01:32:23]} {[%emt 00:00:08]}
Bg4 {[%clk 01:31:58]} {[%emt 00:00:17]} 6. Be2 {[%clk 01:32:33]} {[%emt
00:00:20]} cxd4 {[%clk 01:29:38]} {[%emt 00:02:51]} 7. cxd4 {[%clk 01:32:11]}
{[%emt 00:00:51]} Nf6 {[%clk 01:21:02]} {[%emt 00:09:07]} 8. Nc3 {[%clk
01:30:51]} {[%emt 00:01:49]} Qd8 {[%clk 01:14:50]} {[%emt 00:06:43]} 9. d5
{[%clk 01:27:13]} {[%emt 00:04:07]} Bxf3 {[%clk 01:11:27]} {[%emt 00:03:54]}
10. Bxf3 {[%clk 01:25:00]} {[%emt 00:02:37]} Ne5 {[%clk 01:10:06]} {[%emt
00:01:56]} 11. O-O {[%clk 01:15:46]} {[%emt 00:09:44]} Nxf3+ {[%clk 01:08:59]}
{[%emt 00:01:37]} 12. Qxf3 {[%clk 01:16:13]} {[%emt 00:00:03]} g6 {[%clk
01:01:23]} {[%emt 00:08:06]} 13. Re1 {[%clk 01:14:38]} {[%emt 00:02:05]} Bg7
{[%clk 00:56:37]} {[%emt 00:05:17]} 14. Bf4 {[%clk 01:09:43]} {[%emt 00:05:23]}
O-O {[%clk 00:56:09]} {[%emt 00:00:59]} 15. Rad1 {[%clk 01:05:24]} {[%emt
00:04:48]} Qb6 {[%clk 00:43:58]} {[%emt 00:12:43]} 16. Rxe7 {[%clk 00:59:59]}
{[%emt 00:05:49]} Rac8 {[%clk 00:32:57]} {[%emt 00:11:36]} 17. Qe2 {[%clk
00:50:12]} {[%emt 00:10:15]} Rfd8 {[%clk 00:30:18]} {[%emt 00:03:11]} 18. h3
{[%clk 00:39:08]} {[%emt 00:11:34]} h5 {[%clk 00:24:06]} {[%emt 00:06:41]} 19.
d6 {[%clk 00:35:36]} {[%emt 00:04:03]} Bf8 {[%clk 00:18:45]} {[%emt 00:05:50]}
20. d7 {[%clk 00:29:17]} {[%emt 00:06:50]} Ra8 {[%clk 00:15:59]} {[%emt
00:03:16]} 21. Re5 {[%clk 00:22:54]} {[%emt 00:06:52]} Rxd7 {[%clk 00:14:50]}
{[%emt 00:01:39]} 22. Rxd7 {[%clk 00:19:28]} {[%emt 00:03:57]} Nxd7 {[%clk
00:14:58]} {[%emt 00:00:22]} 23. Rb5 {[%clk 00:19:32]} {[%emt 00:00:26]} Qc6
{[%clk 00:13:58]} {[%emt 00:01:30]} 24. Qd3 {[%clk 00:16:45]} {[%emt 00:03:16]}
a6 {[%clk 00:12:49]} {[%emt 00:01:40]} 25. Rd5 {[%clk 00:17:04]} {[%emt
00:00:09]} Nf6 {[%clk 00:12:44]} {[%emt 00:00:37]} 26. Rd8 {[%clk 00:16:50]}
{[%emt 00:00:44]} Rxd8 {[%clk 00:12:18]} {[%emt 00:00:57]} 27. Qxd8 {[%clk
00:17:18]} {[%emt 00:00:01]} Kg7 {[%clk 00:07:07]} {[%emt 00:05:41]} 28. Be5
{[%clk 00:16:48]} {[%emt 00:01:00]} Qe6 {[%clk 00:07:01]} {[%emt 00:00:36]} 29.
Qd5 {[%clk 00:15:45]} {[%emt 00:01:29]} Be7 {[%clk 00:06:32]} {[%emt 00:01:03]}
30. Qxe6 {[%clk 00:14:46]} {[%emt 00:01:29]} fxe6 {[%clk 00:06:54]} {[%emt
00:00:09]} 31. Ne4 {[%clk 00:15:11]} {[%emt 00:00:03]} Kf7 {[%clk 00:05:38]}
{[%emt 00:01:47]} 32. Ng5+ {[%clk 00:15:07]} {[%emt 00:00:34]} Kg7 {[%clk
00:05:56]} {[%emt 00:00:12]} 33. Nxe6+ {[%clk 00:15:32]} {[%emt 00:00:05]} Kf7
{[%clk 00:06:14]} {[%emt 00:00:12]} 34. Ng5+ {[%clk 00:15:58]} {[%emt
00:00:03]} Ke8 {[%clk 00:05:00]} {[%emt 00:01:45]} 35. Ne6 {[%clk 00:10:17]}
{[%emt 00:06:04]} Nd7 {[%clk 00:03:09]} {[%emt 00:02:28]} 36. Bc7 {[%clk
00:09:35]} {[%emt 00:00:53]} Kf7 {[%clk 00:03:10]} {[%emt 00:00:48]} 37. Nf4
{[%clk 00:09:12]} {[%emt 00:00:47]} Bg5 {[%clk 00:02:17]} {[%emt 00:01:28]} 38.
Kf1 {[%clk 00:08:41]} {[%emt 00:01:02]} Bxf4 {[%clk 00:01:51]} {[%emt
00:00:55]} 39. Bxf4 {[%clk 00:09:09]} {[%emt 00:00:02]} Ke6 {[%clk 00:02:08]}
{[%emt 00:00:13]} 40. Ke2 {[%clk 00:08:56]} {[%emt 00:00:44]} Nb6 {[%clk
00:01:40]} {[%emt 00:00:58]} 41. Kd3 {[%clk 00:07:40]} {[%emt 00:01:42]} Kd5
{[%clk 00:01:25]} {[%emt 00:00:48]} 42. b3 {[%clk 00:07:44]} {[%emt 00:00:26]}
Nc8 {[%clk 00:01:14]} {[%emt 00:00:41]} 43. f3 {[%clk 00:07:05]} {[%emt
00:01:09]} Ne7 {[%clk 00:00:51]} {[%emt 00:00:54]} 44. g4 {[%clk 00:04:08]}
{[%emt 00:03:26]} Nc6 {[%clk 00:27:17]} {[%emt 00:04:05]} 45. Bd2 {[%clk
00:33:10]} {[%emt 00:01:17]} b5 {[%clk 00:22:52]} {[%emt 00:05:05]} 46. Bc3
{[%clk 00:30:31]} {[%emt 00:03:08]} Ne5+ {[%clk 00:14:24]} {[%emt 00:08:59]}
47. Bxe5 {[%clk 00:29:47]} {[%emt 00:01:15]} Kxe5 {[%clk 00:14:49]} {[%emt
00:00:04]} 48. gxh5 {[%clk 00:28:53]} {[%emt 00:01:24]} gxh5 {[%clk 00:15:14]}
{[%emt 00:00:06]} 49. Ke3 {[%clk 00:29:16]} {[%emt 00:00:06]} Kf5 {[%clk
00:12:47]} {[%emt 00:02:57]} 50. f4 {[%clk 00:27:44]} {[%emt 00:02:02]} a5
{[%clk 00:12:51]} {[%emt 00:00:26]} 51. a3 {[%clk 00:27:54]} {[%emt 00:00:21]}
b4 {[%clk 00:12:29]} {[%emt 00:00:51]} 52. a4 {[%clk 00:27:55]} {[%emt
00:00:29]} Kf6 {[%clk 00:12:23]} {[%emt 00:00:36]} 53. Ke4 {[%clk 00:28:17]}
{[%emt 00:00:07]} Ke6 {[%clk 00:12:41]} {[%emt 00:00:13]} 54. f5+ {[%clk
00:28:43]} {[%emt 00:00:05]} Kf6 {[%clk 00:12:25]} {[%emt 00:00:45]} 55. h4
{[%clk 00:28:48]} {[%emt 00:00:25]} Kf7 {[%clk 00:12:49]} {[%emt 00:00:07]} 56.
Ke5 {[%clk 00:29:11]} {[%emt 00:00:06]} Ke7 {[%clk 00:13:09]} {[%emt 00:00:10]}
57. f6+ {[%clk 00:29:40]} {[%emt 00:00:02]} Kf7 {[%clk 00:13:20]} {[%emt
00:00:17]} 58. Kf5 {[%clk 00:30:08]} {[%emt 00:00:03]} Kf8 {[%clk 00:13:40]}
{[%emt 00:00:10]} 59. Kg6 {[%clk 00:30:30]} {[%emt 00:00:07]} Kg8 {[%clk
00:13:59]} {[%emt 00:00:13]} 60. Kxh5 {[%clk 00:30:54]} {[%emt 00:00:06]} Kf7
{[%clk 00:13:30]} {[%emt 00:00:58]} 61. Kg5 {[%clk 00:31:11]} {[%emt 00:00:13]}
Kf8 {[%clk 00:12:12]} {[%emt 00:01:49]} 62. Kg6 {[%clk 00:31:27]} {[%emt
00:00:11]} Kg8 {[%clk 00:12:36]} {[%emt 00:00:08]} 63. f7+ {[%clk 00:31:51]}
{[%emt 00:00:05]} Kh8 {[%clk 00:12:43]} {[%emt 00:00:24]} 64. f8=Q# {[%clk
00:32:11]} {[%emt 00:00:09]} 1-0